| 000 | 00699cab a2200217 4500 | ||
|---|---|---|---|
| 001 | WB2924-04 | ||
| 008 | 090401t1993 xxu||||| |||| 00| 0 eng d | ||
| 035 | _a(Sirsi) u58944 | ||
| 041 | _aeng | ||
| 245 | _aTendering retreat | ||
| 260 | _c1993 | ||
| 350 | _a0 | ||
| 490 |
_aContract Journal _v368(5930) 24 June 1993, 1(1) |
||
| 520 | _aTilbury Douglas and Balfour Beatty, have virtually pulled out of tendering for major work in the UK, deciding not to risk the effects of material price rises. | ||
| 650 | _aBUILT ENVIRONMENT-BUILDING COSTS | ||
| 650 | _aBUILDING MATERIAL PRICES | ||
| 650 | _aFIXED PRICE CONTRACTS | ||
| 690 | _aBUILT ENVIRONMENT | ||
| 942 | _n0 | ||
| 948 | _c04/03/1997 | ||
| 999 |
_c36070 _d36070 |
||